Dallas quiz - Statistics

General Stats
  • This quiz has been taken 23 times
  • The average score is 16 of 38
Answer Stats
Hint Answer % Correct
The abbreviation of Texas TX
100%
Dallas's NFL team Cowboys
90%
One of the American metro areas that has a larger population than Dallas New York City | Los Angeles | Chicago
90%
The nickname of Texas Lone Star State
80%
Dallas's NBA team Mavericks
80%
Dallas is in the larger region known as the Dallas-____ _____ area Fort Worth
70%
This president died in Dallas John F. Kennedy
70%
FC Dallas is in what league? MLS
70%
The MLB team that competes in Dallas Rangers
70%
Dallas's NHL team Stars
70%
The largest university in Dallas University of Dallas at Texas
70%
This airline known for bad service and quality is also headquartered in Dallas Southwest Airlines
60%
This big company that manufactures calculators is headquartered in Dallas Texas Instruments
60%
This region is also abbreviated as ___ DFW
50%
The city of Dallas voted for this person in 2020 Joe Biden
50%
The USS Dallas is a former _________ owned by the US government. Submarine
50%
The states in the US where there is a Dallas County Texas | Alabama | Arkansas | Iowa | Missouri
50%
Dallas is set to host this major world event in 2026 World Cup
50%
Dallas is a TV soap opera that ran for 14 seasons on what network? (It also got a reboot in 2012) CBS
40%
The most common religion in Dallas (77%) Christian
40%
The states in the US where there is a Dallas Township Indiana | Iowa | Michigan | Missouri | North Carolina | Ohio | Pennsylvania
40%
One of the other US states where you can find a Dallas Oregon | Colorado | Arkansas | Missouri | South Dakota | Wisconsin | Alabama | Georgia | Florida | North Carolina | West Virginia | Pennsylvania | Maine | Illinois | Iowa
40%
This other company who provides telecommunications (which is also in Dallas) AT&T
30%
A large school in Dallas with a religion in its name Southern Methodist
30%
Dallas also hosted this major national event in 2011, (their first time ever hosting it) Super Bowl
30%
The regions of Canada where you can find a Dallas British Columbia
20%
The demonym for the city of Dallas Dallasite
20%
One of the countries (besides the US & Canada) where you can find a Dallas Jamaica | Haiti | United Kingdom | Sudan | South Africa | Australia
20%
The regions of Canada where you can find a Dallas Manitoba
20%
The Dallas Renegades are in what league? XFL
20%
The 106 acre Dallas ___ is a common attraction Zoo
20%
The current mayor of Dallas Eric Johnson
10%
The Dallas Empire (now called OpTic Texas) is a team that competes in what sport? Esports
10%
The surname Dallas is of what origin? Scottish
10%
Dallas was voted to have the #1 ___ district by USA Today Art
0%
8084 Dallas is an ________ approximately 13km in diameter Asteroid
0%
Dallas Records is label from what country? Croatia
0%
The Dallas ______ is a mountain pass in Colorado Divide
0%
No matching quizzes found
Score Distribution
Percent of People with Each Score
Percentile by Number Answered
Your Score History
You have not taken this quiz